000 00564nam a22001577a 4500
999 _c534214
_d534214
020 _qHard Cover.
082 _a620.44
100 _aZeb, Jahan
245 _aShielded Metal Arc Welding of Dissimilar Metal Weld between Ferritic Steel & Austenitic Stainless Steel and its Characterization /
_cJahan Zeb.
260 _aIslamabad :
_bSCME - NUST,
_c2017.
300 _c30cm.
942 _2ddc
_cTHE
650 _aMaterials and Surface Engineering Ms-Thesis.,
_916159
700 _aDr. Mohammad Mujahid.
_919410